Outdoor Education in Geography: A Specific Educational Strategy (Record no. 20370)

MARC details
000 -LEADER
fixed length control field 00526nam a2200133Ia 4500
008 - FIXED-LENGTH DATA ELEMENTS--GENERAL INFORMATION
fixed length control field 220616s9999||||xx |||||||||||||| ||und||
020 ## - INTERNATIONAL STANDARD BOOK NUMBER
International Standard Book Number 9788020000000
100 ## - MAIN ENTRY--PERSONAL NAME
Personal name Svobodová, Hana
245 #0 - TITLE STATEMENT
Title Outdoor Education in Geography: A Specific Educational Strategy
546 ## - LANGUAGE NOTE
Language note English[eng]
650 ## - SUBJECT ADDED ENTRY--TOPICAL TERM
Topical term or geographic name entry element outdoor education||curriculum||school educational programme||Geography||elementary school||pupil||teacher||physical activity
856 ## - ELECTRONIC LOCATION AND ACCESS
Uniform Resource Identifier <a href="https://munispace.muni.cz/library/catalog/download/1571/4386/2112-1">https://munispace.muni.cz/library/catalog/download/1571/4386/2112-1</a>
942 ## - ADDED ENTRY ELEMENTS (KOHA)
Koha item type E-Books
Holdings
Withdrawn status Lost status Damaged status Not for loan Home library Current library Date acquired Total Checkouts Date last seen Price effective from Koha item type
        Kerala University of Digital Sciences, Innovation and Technology Knowledge Centre Kerala University of Digital Sciences, Innovation and Technology Knowledge Centre 16/06/2022   16/06/2022 16/06/2022 E-Books